00553cam a22002171 4500001001300000003000400013005001700017008004100034010001700075035002000092040001800112042001200130050002000142100002700162245003100189260001100220300003700231500001500268600003500283999001700318sa 65006977 DLC20260227112146.0890403s1965 xx ch 000 0 pan  asa 65006977  a(OCoLC)23560970 aDLCcMiUdDLC apremarc00aDS479.1.L27bJ61 aJohar, Surinder Singh.00aLālā Lājapata Rāe. c[1965] a237 p.bfacsims., ports.c23 cm. aRomanized.00aLajpat Rai,cLala,d1865-1928. c64969d64969